Agricultural research priorities in South Asia. Policy paper 20 (Record no. 44082)

MARC details
000 -LEADER
fixed length control field 00367nam a2200109Ia 4500
082 ## - DEWEY DECIMAL CLASSIFICATION NUMBER
Classification number 338.43.01(5)
Item number NCA.20
100 ## - MAIN ENTRY--AUTHOR NAME
Personal name Mruthyunjaya
245 #0 - TITLE STATEMENT
Title Agricultural research priorities in South Asia. Policy paper 20
260 ## - PUBLICATION, DISTRIBUTION, ETC. (IMPRINT)
Place of publication New Delhi
Name of publisher National Centre for Agricultural Economics & Policy Research
Year of publication 2003
942 ## - ADDED ENTRY ELEMENTS (KOHA)
Koha item type Books
Holdings
Withdrawn status Lost status Damaged status Not for loan Home library Current library Date acquired Source of acquisition Full call number Accession Number Koha item type
        RRII Library RRII Library 16/12/2021 Gift 338.43.01(5) NCA.20 G00830 Books